| 000 | 00575nam a2200193Ia 4500 | ||
|---|---|---|---|
| 003 | OSt | ||
| 005 | 20201207110506.0 | ||
| 008 | 190216s9999||||xx |||||||||||||| ||und|| | ||
| 020 | _a8172245122 | ||
| 040 | _coclc | ||
| 082 |
_a020.713 _bPRY/H |
||
| 100 |
_aPrytherch, Ray _97239 |
||
| 245 | 0 |
_aHandbook Of Library Training Practice / _cRay Prytherch |
|
| 250 | _a1st Ed. | ||
| 260 |
_bJaico Publishing House, _c1996. _aBombay: |
||
| 300 | _a444p | ||
| 650 | _aHistory Of China-Library Science | ||
| 942 |
_cREF _2ddc _h020.713 _iPRY/H _k020.713 _mPRY/H |
||
| 999 |
_c36238 _d36238 |
||